000 00692nam a2200253Ia 4500
003 OSt
005 20220918222512.0
006 a|||||r|||| 00| 0
007 ta
008 220917b |||||||| |||| 00| 0 eng d
024 _a217,147
037 _cTextual
040 _aARTS
_cARTS
_beng
041 _2eng
_aeng
082 _aR5xN26:g, N8
100 _aFoucault Michel
_917335
245 0 _aAesthetics, method, and epistemology
260 _aNew York
_bPenguin Books
_c1998
300 _axLi, 486p
_ccm.
650 _aAESTHETICS
700 _a Faubion James Ed.
942 _hR5xN26:g, N8
_cTEXL
_2CC
999 _c275747
_d275747